Summer Olympics - Volleyball - Statistics

General Stats
  • This quiz has been taken 457 times
    355 since last reset
  • The average score is 14 of 21
Answer Stats
# Answer % Correct
10 United States
97%
10 Brazil
94%
6 Russia
91%
9 Japan
90%
6 Italy
85%
6 China
84%
3 Poland
80%
12 Soviet Union
77%
1 Argentina
73%
5 Cuba
73%
1 Serbia
71%
1 South Korea
66%
2 Netherlands
63%
2 Yugoslavia
61%
2 Bulgaria
56%
2 East Germany
50%
2 Czechoslovakia
48%
1 Romania
48%
1 Peru
35%
1 North Korea
30%
1 Unified Team
10%
No matching quizzes found
Score Distribution
Percent of People with Each Score
Percentile by Number Answered
Your Score History
You have not taken this quiz since the last reset